|
|
|
|
| LEADER |
00000naa2a2200000 4500 |
| 001 |
385840 |
| 005 |
20231101063416.0 |
| 035 |
|
|
|a (RuTPU)RU\TPU\prd\14029
|
| 090 |
|
|
|a 385840
|
| 100 |
|
|
|a 20030521a2003 k y0rusy50 ca
|
| 101 |
0 |
|
|a rus
|
| 102 |
|
|
|a RU
|
| 200 |
1 |
|
|a Год под флагом "ЛУКОЙЛа"
|f А. Сомов
|
| 225 |
1 |
|
|a Дела компаний
|
| 461 |
|
1 |
|0 (RuTPU)RU\TPU\prd\1610
|t Нефть России
|o аналитический журнал
|d 1996, 1999-2012
|
| 463 |
|
1 |
|0 (RuTPU)RU\TPU\prd\13378
|t № 4
|v С. 26-29
|d 2003
|
| 610 |
1 |
|
|a "Лукойл"
|
| 610 |
1 |
|
|a командные игры
|
| 610 |
1 |
|
|a нефтяные компании
|
| 610 |
1 |
|
|a кадры
|
| 610 |
1 |
|
|a объемы переработки
|
| 610 |
1 |
|
|a статистика
|
| 700 |
|
1 |
|a Сомов
|b А.
|g Алексей
|
| 801 |
|
1 |
|a RU
|b 63413507
|c 20030521
|g PSBO
|
| 801 |
|
2 |
|a RU
|b 63413507
|c 20130802
|g RCR
|
| 942 |
|
|
|c BK
|